000 01080cam a22003258i 4500
999 _c8013
_d8013
001 20932678
003 OSt
005 20200118135722.0
008 190415s2020 nyu 001 0 eng
020 _a9781259097362
040 _coclc
082 0 0 _a658.5
_223
_bSCH/O
100 _aSchroeder, Roger G
_eauthor.
_91280
240 1 0 _aOperations management
245 1 0 _aOperations management in the supply chain decisions and cases /
_cRoger G. Schroeder ; Susan Meyer Goldstein ;M Johnny Rungtusanatham
250 _a6th ed.
263 _a200
264 1 _aNew Delhi:
_bMcGraw-Hill Education,
_c2013.
300 _a558p
336 _atext
_btxt
_2rdacontent
337 _aunmediated
_bn
_2rdamedia
338 _avolume
_bnc
_2rdacarrier
500 _aOriginal edition entitled: Operations management.
500 _aIncludes index.
650 0 _aProduction management.
650 0 _aProduction management
_vCase studies.
650 0 _aDecision making.
700 1 _aGoldstein, Susan Meyer
_91306
942 _2ddc
_cBK
_h658.5
_iSCH/O
_k658.5
_mSCH/O